[Event "VEN-ch U20"]
[Site "Maracay"]
[Date "2018.05.31"]
[Round "5"]
[White "Aguas Jimenez, Andres Alejandro"]
[Black "Hugo Borra, Jacques Fabrixio"]
[Result "1-0"]
[WhiteElo "1773"]
[BlackElo "1591"]
[PlyCount "103"]
[EventDate "2018.05.31"]
[EventType "swiss"]
[EventRounds "7"]
[EventCountry "VEN"]
[SourceTitle "EXT 2019"]
[Source "ChessBase"]
[SourceDate "2018.10.10"]
[SourceVersion "1"]
[SourceVersionDate "2018.10.10"]
[SourceQuality "1"]

1. e4 e6 2. d4 d5 3. exd5 exd5 4. Nf3 Bd6 5. c4 Nf6 6. c5 Be7 7. Bd3 h6 8. h3 c6 9. Bf4 0-0 10. 0-0 Be6 11. Nc3 Qc8 12. b4 Bf5 13. Re1 Re8 14. Re3 Bxd3 15. Qxd3 Nbd7 16. Rae1 Qd8 17. Ne5 Nh5 18. Qf5 Nxe5 19. Bxe5 g6 20. Qg4 Ng7 21. Ne2 Nf5 22. Rf3 h5 23. Qf4 Bg5 24. Qh2 Bd2 25. Rd1 Bg5 26. Ng3 Nxg3 27. Qxg3 h4 28. Qh2 a5 29. g3 axb4 30. gxh4 Bxh4 31. Qf4 Qg5+ 32. Qxg5 Bxg5 33. Rb1 Bd2 34. Rb2 Bc3 35. Rc2 Ra3 36. Re3 f5 37. Kg2 Rea8 38. Ree2 Kf7 39. f3 Ba1 40. h4 b3 41. axb3 Rxb3 42. Ra2 Rba3 43. Rxa3 Rxa3 44. Re1 Bc3 45. Rb1 Ra2+ 46. Kg3 Rb2 47. Rc1 Bd2 48. Ra1 Bh6 49. Ra8 Bg7 50. Bxg7 Kxg7 51. Rh8 Rb4 52. Rc8 1-0

[Event "VEN-ch U20"]
[Site "Maracay"]
[Date "2018.05.31"]
[Round "6"]
[White "Singer Rojas, Richard Javier"]
[Black "Aguas Jimenez, Andres Alejandro"]
[Result "0-1"]
[WhiteElo "1539"]
[BlackElo "1773"]
[PlyCount "100"]
[EventDate "2018.05.31"]
[EventType "swiss"]
[EventRounds "7"]
[EventCountry "VEN"]
[SourceTitle "EXT 2019"]
[Source "ChessBase"]
[SourceDate "2018.10.10"]
[SourceVersion "1"]
[SourceVersionDate "2018.10.10"]
[SourceQuality "1"]

1. e4 e5 2. Nf3 Nc6 3. Bb5 Bc5 4. 0-0 Nge7 5. c3 0-0 6. d4 exd4 7. cxd4 Bb6 8. d5 Nb8 9. Bg5 f6 10. Bf4 d6 11. h3 Nd7 12. Nbd2 Ne5 13. Rc1 Bd7 14. Bxd7 Qxd7 15. Bxe5 dxe5 16. Qb3 Kh8 17. Nc4 g5 18. a4 g4 19. hxg4 Qxg4 20. Nfd2 Rg8 21. Qf3 Qh4 22. Nxb6 cxb6 23. Rc7 Ng6 24. Qh3 Qxh3 25. gxh3 Nf4+ 26. Kh2 Rg7 27. Kh1 Rag8 28. Nf3 Nxh3 29. Rc2 Rg6 30. d6 Rh6 31. Nh2 Ng5 32. f3 Ne6 33. Rg1 Rhg6 34. Rxg6 hxg6 35. d7 Rd8 36. Rc8 Kg7 37. Rxd8 Nxd8 38. Ng4 Kf7 39. Kg2 Ke7 40. Kf2 Nf7 41. Ke3 f5 42. d8Q+ Kxd8 43. Nf6 Ke7 44. Nd5+ Kd6 45. Nc3 Kc5 46. Nd5 Kc4 47. Ne7 f4+ 48. Kd2 Kb3 49. Nc8 a6 50. Kc1 Ng5 0-1

[Event "Centroamericano and Caribe U18"]
[Site "Merida"]
[Date "2018.05.03"]
[Round "9"]
[White "Aguas Jimenez, Andres Alejandro"]
[Black "Medina Diaz, Rafael Alejandro"]
[Result "0-1"]
[WhiteElo "1780"]
[BlackElo "2307"]
[PlyCount "88"]
[EventDate "2018.04.28"]
[EventType "swiss"]
[EventRounds "9"]
[EventCountry "VEN"]
[SourceTitle "EXT 2021"]
[Source "ChessBase"]
[SourceDate "2020.10.23"]
[SourceVersion "1"]
[SourceVersionDate "2020.10.23"]
[SourceQuality "1"]

1. e4 e6 2. d4 d5 3. exd5 exd5 4. Nf3 Bd6 5. c4 c6 6. c5 Be7 7. Bd3 Nf6 8. 0-0 0-0 9. Qe2 b6 10. b4 a5 11. Bd2 axb4 12. Bxb4 Ba6 13. Nbd2 Bxd3 14. Qxd3 Na6 15. Qc3 Ne4 16. Nxe4 dxe4 17. Nd2 bxc5 18. Ba5 Qd5 19. Nb3 Bf6 20. Bb6 Rfb8 21. Qa5 c4 22. Nd2 Be7 23. a3 Nc5 24. Qb4 Ra4 25. Qc3 Nd3 26. Rfb1 f5 27. Bc5 Rxb1+ 28. Rxb1 Bf6 29. Rb8+ Kf7 30. Rb7+ Kg6 31. Ra7 Nxc5 32. Qg3+ Bg5 33. Rxa4 f4 34. Qg4 Nxa4 35. h4 c3 36. Nb3 c2 37. Qxg5+ Qxg5 38. hxg5 Kxg5 39. Kf1 h5 40. Ke2 h4 41. Kd2 f3 42. gxf3 h3 43. Nc5 Nxc5 44. dxc5 h2 0-1

[Event "Centroamericano and Caribe U18"]
[Site "Merida"]
[Date "2018.04.30"]
[Round "5"]
[White "Aguas Jimenez, Andres Alejandro"]
[Black "Torres Cueto, Jesus Marcial"]
[Result "0-1"]
[WhiteElo "1780"]
[BlackElo "2017"]
[PlyCount "102"]
[EventDate "2018.04.28"]
[EventType "swiss"]
[EventRounds "9"]
[EventCountry "VEN"]
[SourceTitle "EXT 2021"]
[Source "ChessBase"]
[SourceDate "2020.10.23"]
[SourceVersion "1"]
[SourceVersionDate "2020.10.23"]
[SourceQuality "1"]

1. b3 d5 2. Bb2 c5 3. e3 e6 4. f4 Nf6 5. Nf3 a6 6. d3 Nc6 7. Nbd2 b5 8. Ne5 Bb7 9. Be2 Nd7 10. Nxc6 Bxc6 11. 0-0 f6 12. c4 Bd6 13. e4 d4 14. cxb5 axb5 15. b4 e5 16. f5 cxb4 17. Bh5+ Kf8 18. Rc1 Nc5 19. Nb3 Qb6 20. Nxc5 Bxc5 21. Qc2 Rxa2 22. Qxc5+ Qxc5 23. Rxc5 Bd7 24. Ra1 b3 25. Rxa2 bxa2 26. Rc7 Ke7 27. Ra7 Rc8 28. Rxa2 b4 29. Bd1 Bb5 30. Ra7+ Kd6 31. Rxg7 Bxd3 32. Kf2 Bxe4 33. Rf7 Bc2 34. Rxf6+ Kd5 35. Ke1 Bxd1 36. Kxd1 Ke4 37. Rf7 b3 38. f6 Rc2 39. Bc1 Rxg2 40. Rg7 b2 41. Rxg2 b1Q 42. Rf2 Qb3+ 43. Ke1 Qc3+ 44. Kd1 Qb3+ 45. Ke1 Qf7 46. Ba3 d3 47. Be7 Qc4 48. Kd1 Qb3+ 49. Kc1 Qc3+ 50. Kd1 Qa1+ 51. Kd2 Qb2+ 0-1

[Event "VEN-ch U16 3rd"]
[Site "San Antonio"]
[Date "2016.04.02"]
[Round "4.6"]
[White "Aguas Jimenez, Andres Alejandro"]
[Black "Colmenares Olivares, Cesar Eduardo"]
[Result "0-1"]
[WhiteElo "1707"]
[BlackElo "1746"]
[PlyCount "86"]
[EventDate "2016.04.01"]
[EventType "swiss"]
[EventRounds "7"]
[EventCountry "VEN"]
[SourceTitle "EXT 2022"]
[Source "ChessBase"]
[SourceDate "2021.10.06"]
[SourceVersion "1"]
[SourceVersionDate "2021.10.06"]
[SourceQuality "1"]

1. e4 c5 2. Nc3 Nc6 3. g3 e6 4. Bg2 Nge7 5. Nge2 g6 6. d3 Bg7 7. Be3 b6 8. Qd2 0-0 9. Bh6 Re8 10. h4 Bh8 11. h5 Bb7 12. 0-0-0 a6 13. Rh2 Ne5 14. f3 d5 15. Bf4 dxe4 16. fxe4 Ng4 17. Rh4 Nf6 18. g4 Nc6 19. Rdh1 Bg7 20. hxg6 hxg6 21. Bh6 Bh8 22. Bg5 Bg7 23. Qf4 e5 24. Qf3 Nd4 25. Nd5 Nxf3 26. Nxf6+ Qxf6 27. Bxf6 Bxf6 28. Bxf3 Bxh4 29. Rxh4 Kg7 30. Rh3 Rh8 31. Rg3 Rh4 32. Bg2 Rah8 33. Ng1 Bc8 34. Bh3 Be6 35. b3 b5 36. Kb2 f6 37. a3 a5 38. c4 bxc4 39. dxc4 g5 40. Kc2 a4 41. Kc3 axb3 42. Kxb3 Rb8+ 43. Kc3 Rbh8 0-1

[Event "VEN-ch U16 3rd"]
[Site "San Antonio"]
[Date "2016.04.02"]
[Round "3.3"]
[White "Bastidas Segovia, Samuel Eduardo"]
[Black "Aguas Jimenez, Andres Alejandro"]
[Result "1-0"]
[WhiteElo "1867"]
[BlackElo "1707"]
[PlyCount "85"]
[EventDate "2016.04.01"]
[EventType "swiss"]
[EventRounds "7"]
[EventCountry "VEN"]
[SourceTitle "EXT 2022"]
[Source "ChessBase"]
[SourceDate "2021.10.06"]
[SourceVersion "1"]
[SourceVersionDate "2021.10.06"]
[SourceQuality "1"]

1. e4 g6 2. d4 Bg7 3. Nc3 d6 4. f4 Nd7 5. Nf3 c5 6. d5 a6 7. a4 Qc7 8. Bd3 Ngf6 9. 0-0 0-0 10. h3 e6 11. Bc4 Nb6 12. Ba2 exd5 13. a5 Nc4 14. Nxd5 Qxa5 15. Bd2 Nxd2 16. Nxf6+ Kh8 17. Nxd2 Bxf6 18. Bxf7 Qb4 19. Bd5 Bxb2 20. Rb1 Qd4+ 21. Kh1 Rb8 22. Nc4 Qxd1 23. Rbxd1 Bd4 24. Nxd6 b5 25. g4 Kg7 26. e5 b4 27. Rde1 Rb6 28. Nc4 Rb8 29. Nd6 Rb6 30. f5 gxf5 31. Nxc8 Rxc8 32. gxf5 Rh6 33. Rf3 Re8 34. f6+ Kf8 35. Rf5 Rxh3+ 36. Kg2 Rh6 37. f7 Re7 38. e6 a5 39. Rg5 Rg6 40. Rxg6 hxg6 41. Kf3 a4 42. Rg1 a3 43. Kg4 1-0

[Event "VEN-ch U16 3rd"]
[Site "San Antonio"]
[Date "2016.04.01"]
[Round "1.3"]
[White "Aguas Jimenez, Andres Alejandro"]
[Black "Guerrero Corniel, Christian"]
[Result "1-0"]
[WhiteElo "1707"]
[BlackElo "1841"]
[PlyCount "55"]
[EventDate "2016.04.01"]
[EventType "swiss"]
[EventRounds "7"]
[EventCountry "VEN"]
[SourceTitle "EXT 2022"]
[Source "ChessBase"]
[SourceDate "2021.10.06"]
[SourceVersion "1"]
[SourceVersionDate "2021.10.06"]
[SourceQuality "1"]

1. e4 c5 2. Nf3 e6 3. d4 cxd4 4. Nxd4 a6 5. Nc3 Qc7 6. Be2 Nf6 7. a3 b5 8. 0-0 Bb7 9. f4 Nxe4 10. Nxe4 Bxe4 11. Bf3 Bb7 12. Kh1 Nc6 13. Be3 Rd8 14. Rc1 Na5 15. Rb1 Nc4 16. Bc1 Bc5 17. f5 e5 18. Nb3 Bb6 19. Bh5 g6 20. fxg6 hxg6 21. Bg4 f5 22. Bxf5 Qc6 23. Qg4 gxf5 24. Rxf5 Qe6 25. Bg5 Nd6 26. Rbf1 Be4 27. Qh5+ Nf7 28. Qxh8+ 1-0